Normal view MARC view
  • United Kingdom

Entry Corporate Name

Number of records used in: 227

001 - CONTROL NUMBER

  • control field: 5044

003 - CONTROL NUMBER IDENTIFIER

  • control field: OSt

005 - DATE AND TIME OF LATEST TRANSACTION

  • control field: 20190806150239.0

008 - FIXED-LENGTH DATA ELEMENTS

  • fixed length control field: 060919 a

040 ## - CATALOGING SOURCE

  • Original cataloging agency: OSt
  • Transcribing agency: OSt

110 ## - HEADING--CORPORATE NAME

  • Corporate name or jurisdiction name as entry element: United Kingdom
  • Form subheading: Laws, etc.

410 ## - SEE FROM TRACING--CORPORATE NAME

  • Corporate name or jurisdiction name as entry element: Great Britain
  • Form subheading: Laws, etc.

410 ## - SEE FROM TRACING--CORPORATE NAME

  • Corporate name or jurisdiction name as entry element: England
  • Form subheading: Laws, etc.

680 ## - PUBLIC GENERAL NOTE

  • Heading or subdivision term: Used for statutes and statutory instruments created at Westminster